| 000 | 00558nam a2200181 i 4500 | ||
|---|---|---|---|
| 001 | 163057 | ||
| 003 | ES-MaACL | ||
| 005 | 20250817154037.0 | ||
| 008 | 931025s1858 sp |||| | spa d | ||
| 110 | 2 |
_aReal Academia Española _96336 |
|
| 245 | 1 | 0 |
_aGramática de la lengua castellana / _cpor la Real Academia Española. |
| 260 |
_aMadrid : _bImprenta Nacional, _c1858. |
||
| 300 |
_a251 p. ; _c22 cm. |
||
| 710 | 2 | 1 |
_aImprenta Nacional _eed. _9134461 |
| 752 |
_aEspaña - _dMadrid |
||
| 852 |
_aES-MaACL _jB-4450 _z-- Enc. hol. |
||
| 999 |
_c163057 _d163057 |
||